Propuesta de un índice para la medición de la calidad de vida en Costa Rica /

Se analizaron índices de estadísticas continuas del período 1990-2003 para aproximar una evaluación de la calidad de vida general así como de sus dimensiones en habitantes de Costa Rica. Aunque los índices presentados son una propuesta preliminar, permiten ver que la calidad de vida ha alcanzado niv...

Celý popis

Uloženo v:
Podrobná bibliografie
Hlavní autor: Brenes, Hazel
Další autoři: Gutiérrez-Espeleta, Edgar E.
Médium: Text
Témata:
Tagy: Přidat tag
Žádné tagy, Buďte první, kdo vytvoří štítek k tomuto záznamu!

MARC

LEADER 00000 a a2200000 04500
001 14578
003
040
100 |a Brenes, Hazel  
245 |a Propuesta de un índice para la medición de la calidad de vida en Costa Rica /  |c Hazel Brenes ; Edgar E.Gutiérrez-Espeleta 
520 |a Se analizaron índices de estadísticas continuas del período 1990-2003 para aproximar una evaluación de la calidad de vida general así como de sus dimensiones en habitantes de Costa Rica. Aunque los índices presentados son una propuesta preliminar, permiten ver que la calidad de vida ha alcanzado niveles regulares y su tendencia es al deterioro  
650 |a CALIDAD DE LA VIDA  
650 |2 Macrothesaurus de la OCDE  
650 |a INSTRUMENTOS DE MEDICION  
650 |a INDICADORES SOCIALES  
650 |a ANALISIS ESTADISTICO  
650 |a COSTA RICA  
700 |a Gutiérrez-Espeleta, Edgar E.  
773 |g número 116; páginas 113-132  
999 |c 32459  |d 32459 
773 0 |0 18728  |9 3027  |a Universidad de Costa Rica  |d San José, Costa Rica Editorial UCR 1956-  |o 07097  |t Revista de Ciencias Sociales/  |x 04825276